<?xml version="1.0" encoding="UTF-8"?>
<marc:record xmlns:marc="http://www.loc.gov/MARC21/slim">
   <marc:leader>00000nam a2200000 a 4500</marc:leader>
   <marc:datafield ind1="1" ind2=" " tag="100">
      <marc:subfield code="a">Abel, Susanne</marc:subfield>
      <marc:subfield code="4">aut</marc:subfield>
      <marc:subfield code="e">Verfasser/-in</marc:subfield>
   </marc:datafield>
   <marc:datafield ind1=" " ind2=" " tag="653">
      <marc:subfield code="a">Schicksalsroman</marc:subfield>
   </marc:datafield>
   <marc:datafield ind1="0" ind2="0" tag="245">
      <marc:subfield code="a">Was ich nie gesagt habe</marc:subfield>
   </marc:datafield>
   <marc:datafield ind1="0" ind2="0" tag="245">
      <marc:subfield code="b">Gretchens Schicksalsfamilie : Roman</marc:subfield>
   </marc:datafield>
   <marc:datafield ind1="0" ind2="0" tag="245">
      <marc:subfield code="c">Susanne Abel</marc:subfield>
   </marc:datafield>
   <marc:datafield ind1=" " ind2="1" tag="264">
      <marc:subfield code="a">München</marc:subfield>
      <marc:subfield code="b">dtv</marc:subfield>
      <marc:subfield code="c">2023</marc:subfield>
   </marc:datafield>
   <marc:datafield ind1=" " ind2=" " tag="250">
      <marc:subfield code="a">Ungekürzte Ausgabe</marc:subfield>
   </marc:datafield>
   <marc:datafield ind1="1" ind2=" " tag="520">
      <marc:subfield code="a">#Beschreibung##Wer ist Familie?##Nach dem Nr. 1-SPIEGEL-Bestseller &#x9b;Stay Away From Gretchen&#x8b; nun der zweite Roman der Ausnahmeautorin##Tom Monderath ist frisch verliebt: Mit Jenny erlebt er die glücklichste Zeit seines Lebens. Bis er durch Zufall auf seinen Halbbruder Henk stößt, der alles über ihren gemeinsamen Vater wissen will. Doch Konrad starb vor vielen Jahren und seine demente Mutter Greta kann Tom nicht befragen. Als sich weitere Halbgeschwister melden, wird es Tom zu viel. Jenny und Henk hingegen folgen den Spuren Konrads. Selbst fast noch ein Kind, kämpfte Toms Vater im Krieg, geriet in amerikanische Gefangenschaft, bevor er in den späten 40er-Jahren nach Heidelberg kommt. Dort verliebt er sich Hals über Kopf in die junge Greta, nicht ahnend, dass ein Geheimnis aus der dunkelsten Zeit des Nationalsozialismus ihre gemeinsame Familie ein Leben lang begleiten wird ...##Ein spannender und berührender Roman über Liebe, Verlust, zweite Chancen und die Sprengkraft des Schweigens &#x96; sowie über trügerische Gewissheiten und die Frage, was Familie zusammenhält.##»Abel schreibt unterhaltsame, sogar humorvolle Romane aus dem Elend, in das wir alle hineingeboren werden, ohne es uns aussuchen zu können. Chapeau!« Stern##»Eine seltene literarische Perle. Die Geschichte von Toms und Gretchens Familie sollte Schullektüre werden!« WDR##Alle Bände der &#x9b;Gretchen&#x8b;-Reihe:##Band 1: Stay away from Gretchen &#x96; Eine unmögliche Liebe##Band 2: Was ich nie gesagt habe &#x96; Gretchens Schicksalsfamilie#Rezension##Eine seltene literarische Perle. Die Geschichte von Toms und Gretchens Familie sollte Schullektüre werden! , ("WDR 5")#Mitreißend. ("DONNA")#Interessant, eindringlich, warmherzig. ("Bild + Funk")#Teilweise erzählt Susanne Abel die gleichen Szenen wie im ersten Roman &#x96; nur aus einer anderen Perspektive. Das macht einen Reiz eines neuen Buches aus, das erneut exzellent recherchiert ist, historisches Geschehen aufgreift und gekonnt in einen Roman verwandelt. ("Freie Presse")#</marc:subfield>
   </marc:datafield>
   <marc:datafield ind1=" " ind2=" " tag="020">
      <marc:subfield code="a">9783423218924</marc:subfield>
      <marc:subfield code="9">9783423218924</marc:subfield>
   </marc:datafield>
   <marc:datafield ind1=" " ind2=" " tag="041">
      <marc:subfield code="a">ger</marc:subfield>
   </marc:datafield>
   <marc:datafield ind1=" " ind2=" " tag="300">
      <marc:subfield code="a">574 Seiten</marc:subfield>
   </marc:datafield>
</marc:record>
